[Event "IMB Proclient Cup"]
[Site "Olomouc CZE"]
[Date "2008.07.31"]
[Round "2"]
[White "Neoral,A"]
[Black "Golichenko,I"]
[Result "0-1"]
[WhiteElo "2169"]
[BlackElo "2381"]

1.e4 c5 2.c3 Nf6 3.e5 Nd5 4.d4 cxd4 5.Nf3 Nc6 6.cxd4 d6 7.Bc4 Nb6 8.Bb5 dxe5
9.Nxe5 Bd7 10.Nxd7 Qxd7 11.O-O e6 12.Nc3 Be7 13.Qg4 O-O 14.Bxc6 Qxc6 15.Bh6 Bf6
16.Rac1 Qd7 17.Rfd1 Kh8 18.Ne4 Qe7 19.Rc7 Qxc7 20.Nxf6 Rg8 21.Nxg8 Rxg8 22.Rc1 Qd7
23.Be3 Rc8 24.Qd1 Nd5 25.h3 h6 26.Rxc8+ Qxc8 27.Qb3 a6 28.a4 b6 29.Kf1 Kg8
30.Ke2 Kf8 31.Kd3 Ke7 32.Bd2 Kd7 33.Qa3 Qd8 34.Be3 Qe7 35.Qxe7+ Kxe7 36.Bd2 Kd6
37.g4 f5 38.f3 b5 39.axb5 axb5 40.b3 Kc6 41.Kc2 Kd7 42.Kd3 Ne7 43.Bf4 Kc6
44.h4 Nd5 45.Be5 g6 46.h5 gxh5 47.gxh5 Kd7 48.Bg7 Nf4+ 49.Kc3 Nxh5 50.Bxh6 Nf6
51.Kd3 Nd5 52.Bd2 Kc6 53.Bg5 Kd7 54.Bd2 Ke7 55.Ke2 Kf6 56.Kf2 Ne7 57.Ke3 Kg5
58.d5 e5 59.d6 Nd5+ 60.Kd3+ Kf6 61.Bc3 Nxc3 62.Kxc3 Ke6 63.Kb4 Kxd6 64.Kxb5 Kd5
65.Ka6 e4 66.fxe4+ fxe4 67.b4 e3 68.b5 e2 69.b6 e1=Q 70.b7 Kc6  0-1

[Event "95th ch-GBR"]
[Site "Liverpool ENG"]
[Date "2008.08.01"]
[Round "5"]
[White "Venkataramanan,T"]
[Black "Ynojosa,F"]
[Result "0-1"]
[WhiteElo "2247"]
[BlackElo "2101"]

1.e4 c5 2.c3 Nf6 3.e5 Nd5 4.d4 cxd4 5.cxd4 d6 6.Nf3 Nc6 7.Bc4 Nb6 8.Bb3 d5
9.h3 Bf5 10.Nc3 e6 11.O-O Be7 12.Ne2 Be4 13.Nf4 Bxf3 14.gxf3 Bg5 15.Kh2 Nc4
16.Rg1 Bxf4+ 17.Bxf4 Qh4 18.Rg4 Qxf2+ 19.Rg2 Qxd4 20.Qxd4 Nxd4 21.Bd1 g6
22.Bg5 Kd7 23.Bf6 Rhc8 24.Rg4 Nc6 25.f4 Nxb2 26.f5 Nxd1 27.Rxd1 Ne7 28.fxe6+ fxe6
29.Rh4 h5 30.Rb4 Rc2+ 31.Kg3 b6 32.Kf4 Rxa2 33.Kg5 Rc8 34.Rf4 Rg2+ 35.Kh6 Nf5+
36.Kh7 b5 37.Rb4 a6 38.Ra1 Rc6 39.Kg8 d4 40.Kf7 Rgc2 41.Kxg6 d3 42.Rd1 R6c3
43.Bg5 Kc6 44.Kxh5 Kc5 45.Rg4 b4 46.Kg6 b3 47.Kf6 b2 48.Kxe6 Nd4+ 49.Kd7 Rc1
50.Bxc1 Rxc1 51.Rgg1 Ne2 52.e6 Nxg1 53.e7 Rxd1 54.e8=Q b1=Q 55.Qe5+ Kb4 56.Qd6+ Kc3
57.Qc5+ Kb2 58.Qd4+ Ka3  0-1

[Event "IMB Proclient Cup"]
[Site "Olomouc CZE"]
[Date "2008.08.01"]
[Round "4"]
[White "Langrock,H"]
[Black "Havlikova,K"]
[Result "1/2-1/2"]
[WhiteElo "2398"]
[BlackElo "2135"]

1.e4 c5 2.c3 Nf6 3.e5 Nd5 4.Nf3 e6 5.d4 cxd4 6.cxd4 d6 7.Bc4 Nb6 8.Bd3 dxe5
9.dxe5 Na6 10.Qe2 Nc5 11.Bc2 Nd5 12.O-O Bd7 13.Rd1 Be7 14.Nbd2 Qc7 15.Ne4 Bc6
16.Nxc5 Bxc5 17.a3 a6 18.Nd4 Ne7 19.b4 Ba7 20.Bb2 Rd8 21.Rac1 O-O 22.Qh5 h6
23.Qe2 Rd7 24.Nxc6 Rxd1+ 25.Qxd1 Nxc6 26.Qd3 g6 27.Qg3 Rd8 28.Qf4 Bd4 29.Bxd4 Rxd4
30.Qxh6 Qxe5 31.Rf1 Ne7 32.Qh3 Kg7 33.Qf3 Nd5 34.Bb3 Nf4 35.Bc2 b5 36.g3 Nd5
37.Bb3 Qf5 38.Bxd5 Qxd5 39.Qc3 Kh7 40.Qc8 e5 41.Qxa6 e4 42.Qf6 Rd3 43.Re1 Rd1
44.Rxd1 Qxd1+ 45.Kg2 Qd5 46.Kh3 Kg8 47.Qc3 Qd3 48.Qe1 f5 49.Kg2 Kf7 50.Qe3 Qxe3
51.fxe3 Ke6 52.h4 Kd5 53.g4 fxg4 54.Kg3 Kc4 55.Kxg4 Kc3 56.Kg5 Kd2 57.Kxg6 Kxe3
58.h5 Kd3 59.h6 e3 60.h7 e2 61.h8=Q e1=Q  1/2-1/2

[Event "ITT Raul Moiraghi"]
[Site "Villa Martelli ARG"]
[Date "2008.08.02"]
[Round "5"]
[White "Granara Barreto,S"]
[Black "Paglilla,C"]
[Result "1/2-1/2"]
[WhiteElo "2257"]
[BlackElo "2343"]

1.e4 c5 2.c3 Nf6 3.e5 Nd5 4.d4 cxd4 5.Nf3 Nc6 6.Bc4 Nb6 7.Bb3 d5 8.exd6 Qxd6
9.O-O Bf5 10.Na3 a6 11.Nxd4 Nxd4 12.cxd4 e6 13.Qf3 Nd5 14.Nc4 Qd8 15.Ne3 Nxe3
16.Bxe3 Bd6 17.Ba4+ b5 18.Qc6+ Ke7 19.Bb3 Re8 20.d5 Qc7 21.Qxc7+ Bxc7 22.Rfe1 Bd6
23.dxe6 Bxe6 24.Bxe6 fxe6 25.Bg5+ Kf8 26.Rad1 Be7  1/2-1/2

[Event "ITT Raul Moiraghi"]
[Site "Villa Martelli ARG"]
[Date "2008.08.03"]
[Round "7"]
[White "Granara Barreto,S"]
[Black "Valdes Escobar,A"]
[Result "0-1"]
[WhiteElo "2257"]
[BlackElo "2302"]

1.e4 c5 2.c3 Nf6 3.e5 Nd5 4.d4 cxd4 5.Nf3 Nc6 6.Bc4 Nb6 7.Bb3 d6 8.exd6 Qxd6
9.O-O Be6 10.Na3 dxc3 11.Qe2 Bxb3 12.Nb5 Qb8 13.axb3 e5 14.bxc3 Be7 15.Bg5 f6
16.Be3 Nd5 17.Bxa7 Nxa7 18.Nxa7 Nxc3 19.Qc4 Rxa7 20.Rxa7 Qxa7 21.Qc8+ Bd8
22.Qxc3 O-O 23.Ra1 Qb6 24.Ra4 Be7 25.Rc4 Rd8 26.h3 Qe6 27.Rc7 b5 28.Rb7 b4
29.Qc7 Re8 30.Nd2 Bf8 31.Nc4 Re7 32.Qb8 Rxb7 33.Qxb7 e4 34.Qb8 g6 35.Qb7 Bc5
36.Qb8+ Kg7 37.Qc7+ Qe7 38.Qf4 Bd4 39.h4 h5 40.g3 f5 41.Kg2 Bf6 42.Qb8 Bc3
43.Ne3 Be5 44.Qb5 f4 45.gxf4 Bxf4 46.Nd5 Qxh4 47.Qb7+ Kh6 48.Ne7 Qh2+ 49.Kf1 Qh3+
50.Ke1 Qh1+ 51.Ke2 Qf3+ 52.Kf1 Qd3+ 53.Kg2 Qf3+ 54.Kf1 Qd1+ 55.Kg2 Qf3+ 56.Kf1 Qxb3
57.Qxe4 Qd1+ 58.Kg2 Qg4+ 59.Kf1 Bd6 60.Qe3+ Kg7 61.Nc8 Qc4+ 62.Kg2 Qc6+ 63.Kf1 Qc4+
64.Kg2 Qxc8 65.Qd4+ Kh7 66.Qxd6 Qb7+ 67.Kh2 b3 68.Qd1 b2 69.Qb1 Qc7+ 70.Kh3 Qc1
71.Qe4 Qc8+  0-1

[Event "12th HZ Open"]
[Site "Vlissingen NED"]
[Date "2008.08.03"]
[Round "2"]
[White "De Zwart,J"]
[Black "Sandipan,C"]
[Result "0-1"]
[WhiteElo "2118"]
[BlackElo "2588"]

1.e4 c5 2.c3 Nf6 3.e5 Nd5 4.d4 cxd4 5.Nf3 e6 6.cxd4 d6 7.Bc4 Nb6 8.Bb3 dxe5
9.Nxe5 N8d7 10.O-O Nxe5 11.dxe5 Qxd1 12.Rxd1 Bd7 13.Be3 Bc6 14.Nc3 Nd7 15.f4 Bc5
16.Bxc5 Nxc5 17.Bc4 Ke7 18.Bb5 Rhd8 19.b4 Bxb5 20.Rxd8 Rxd8 21.Nxb5 Nd3 22.Nd6 b6
23.g3 g5 24.Rd1 Nxb4 25.Rc1 gxf4 26.Rc7+ Rd7 27.Rc8 Rxd6 28.exd6+ Kxd6 29.Rc4 Nd5
30.gxf4 b5 31.Rc8 a5 32.Rd8+ Kc5 33.f5 exf5 34.Rd7 Nc3 35.Rxf7 Nxa2 36.Rxh7 b4
37.h4 b3 38.Rb7 Nb4 39.Rc7+ Kb6 40.Rc1 a4 41.h5 b2 42.Rf1 Nd5  0-1

[Event "12th HZ Open"]
[Site "Vlissingen NED"]
[Date "2008.08.03"]
[Round "2"]
[White "Westerweele,H"]
[Black "Zelbel,P"]
[Result "0-1"]
[WhiteElo "2035"]
[BlackElo "2286"]

1.e4 c5 2.c3 Nf6 3.e5 Nd5 4.d4 cxd4 5.Qxd4 e6 6.Bc4 Nc6 7.Qe4 Nde7 8.Nf3 Ng6
9.O-O Qc7 10.Re1 Ncxe5 11.Nxe5 Nxe5 12.Bb3 Ng6 13.h4 Bc5 14.h5 Ne7 15.h6 gxh6
16.Bxh6 Rg8 17.Nd2 f5 18.Qf3 Qc6 19.Qh5+ Kd8 20.Bg5 b5 21.Nf3 Bb7 22.Rad1 Kc7
23.Bxe7 Qxf3 24.Rxd7+ Kxd7 25.Bxe6+ Kc7 26.Qxf3 Bxf3 27.Bxg8 Rxg8 28.Bxc5 Rxg2+
29.Kh1 f4  0-1

[Event "12th HZ Open"]
[Site "Vlissingen NED"]
[Date "2008.08.03"]
[Round "3"]
[White "Zelbel,P"]
[Black "Ikonnikov,Vy"]
[Result "0-1"]
[WhiteElo "2286"]
[BlackElo "2592"]

1.e4 c5 2.c3 Nf6 3.e5 Nd5 4.d4 cxd4 5.Nf3 Nc6 6.cxd4 d6 7.Bc4 Nb6 8.Bb5 d5
9.O-O Bf5 10.e6 Bxe6 11.Ne5 Rc8 12.Nxc6 bxc6 13.Ba6 Ra8 14.Bb7 Rb8 15.Bxc6+ Bd7
16.Bxd7+ Qxd7 17.Re1 Rc8 18.Nc3 e6 19.Qg4 g6 20.Qh4 Bg7 21.Bh6 O-O 22.Rad1 Nc4
23.Bxg7 Kxg7 24.Rd3 Qd8 25.Qxd8 Rfxd8 26.Na4 Rb8 27.b3 Na3 28.Rc1 Rb4 29.g3 Nb5
30.Rcd1 Rc8 31.R1d2 Rc1+ 32.Kg2 g5 33.Kf3 h5 34.h3 Kg6 35.g4 hxg4+ 36.hxg4 Kf6
37.Ke3 Re1+ 38.Kf3 Re4 39.Nc5 Rbxd4 40.Rxd4 Rxd4 41.Re2 Rd1 42.Kg2 Nd4 43.Re3 Ke7
44.b4 Nc2 45.Rb3 Rd4  0-1

[Event "12th HZ Open"]
[Site "Vlissingen NED"]
[Date "2008.08.03"]
[Round "3"]
[White "Sprangers,R"]
[Black "Di Berardino,D"]
[Result "0-1"]
[WhiteElo "2217"]
[BlackElo "2471"]

1.e4 c5 2.c3 Nf6 3.e5 Nd5 4.d4 cxd4 5.Nf3 Nc6 6.cxd4 d6 7.Bc4 e6 8.O-O Be7
9.Qe2 O-O 10.Rd1 Bd7 11.Nc3 Nxc3 12.bxc3 Qc7 13.Bd3 dxe5 14.dxe5 Rfd8 15.Ng5 g6
16.Bf4 Be8 17.h4 Rd5 18.Bc4 Rxd1+ 19.Rxd1 Rd8 20.Rxd8 Bxd8 21.Nf3 Na5 22.Bb5 Bxb5
23.Qxb5 Qc6 24.Qb4 Qc7 25.Nd4 a6 26.Nf3 Be7 27.Qa4 b5 28.Qe4 Qb7 29.Qd4 Nc6
30.Qe3 h5 31.Bg5 Bxg5 32.Qxg5 Qc7 33.Qf4 Ne7 34.Ng5 Nd5 35.Qf3 Kg7 36.Kh1 Kg8
37.Kg1 a5 38.Kh1 a4 39.a3 Nb6 40.Qd3 Nc4 41.f4 Qe7 42.Qg3 Qxa3 43.f5 Qc1+
44.Kh2 Ne3 45.Qf3 Ng4+  0-1

[Event "12th HZ Open"]
[Site "Vlissingen NED"]
[Date "2008.08.03"]
[Round "3"]
[White "Jerez Perez,A"]
[Black "Pijpers,A"]
[Result "1-0"]
[WhiteElo "2410"]
[BlackElo "2150"]

1.e4 c5 2.c3 Nf6 3.e5 Nd5 4.d4 cxd4 5.Nf3 Nc6 6.cxd4 d6 7.Bc4 Nb6 8.Bb3 dxe5
9.d5 Na5 10.Nc3 Nxb3 11.Qxb3 e6 12.Nxe5 exd5 13.Be3 Bd6 14.Qb5+ Kf8 15.Nf3 Be6
16.Rd1 Qd7 17.Qe2 Na4 18.Nxa4 Qxa4 19.O-O Qxa2 20.Nd4 Qa6 21.Qf3 Be5 22.Nxe6+ Qxe6
23.Rfe1 Re8 24.Bd4 Qd6 25.Rxe5 Rxe5 26.Qc3  1-0

[Event "XXXIV Open"]
[Site "Badalona ESP"]
[Date "2008.08.04"]
[Round "4"]
[White "Cuartas,Ja"]
[Black "Rios Parra,M"]
[Result "1-0"]
[WhiteElo "2495"]
[BlackElo "2349"]

1.e4 c5 2.c3 Nf6 3.e5 Nd5 4.d4 cxd4 5.cxd4 d6 6.Nf3 Nc6 7.Bc4 e6 8.O-O Nb6
9.Bb5 Bd7 10.Nc3 a6 11.Be2 d5 12.Bd3 Be7 13.a3 Rc8 14.Ne2 Na5 15.b3 Na8 16.Bd2 Qb6
17.b4 Nc4 18.Bc3 Qc6 19.Qb1 h5 20.Nd2 Nxd2 21.Bxd2 Nb6 22.f4 Nc4 23.Bc3 Qb6
24.Kh1 g6 25.Rf3 Ba4 26.Be1 Qc6 27.Nc3 Nb6 28.b5 Qc7 29.Nxa4 Nxa4 30.bxa6 bxa6
31.Bxa6 Rb8 32.Bb5+ Kf8 33.Rb3 Nb6 34.Bd3 Qa7 35.Bxg6 fxg6 36.Qxg6 Rg8 37.Qh6+ Kf7
38.Qxh5+ Kf8 39.f5 exf5 40.Rf3 Rg5 41.Qh7 Ke8 42.Bd2 Rg4 43.Qxf5 Rxd4 44.Bg5 Nc8
45.Qf7+  1-0

[Event "XVII TCh-MKD"]
[Site "Struga MKD"]
[Date "2008.08.05"]
[Round "2"]
[White "Menkinoski,R"]
[Black "Dancevski,O"]
[Result "1-0"]
[WhiteElo "2288"]
[BlackElo "2441"]

1.e4 c5 2.c3 Nf6 3.e5 Nd5 4.d4 cxd4 5.Nf3 d6 6.cxd4 Nc6 7.Bc4 Nb6 8.Bb5 d5
9.Nh4 a6 10.Be2 e6 11.Nf3 Bd7 12.O-O Na7 13.Nc3 Bb5 14.Nxb5 Nxb5 15.Qb3 Na7
16.Bg5 Qc7 17.Rfc1 Nc6 18.Bd2 Nc8 19.Rc3 Be7 20.Rac1 h6 21.Be3 Qb6 22.Qd1 Bb4
23.Rb3 Na5 24.a3 Nxb3 25.Qxb3 Ba5 26.Qa4+ Ke7 27.b4 Bxb4 28.axb4 Na7 29.Ne1 Rhc8
30.Rc5 Nc6 31.Nd3 a5 32.b5 Na7 33.Bd2 Qd8 34.Bxa5 b6 35.Rxc8 Qxc8 36.Bxb6 Nc6
37.Bc5+ Ke8 38.Qd1 Na5 39.Nb4 Nc4 40.Na6 Qb7 41.h3 Rc8 42.Qa4 Nb6 43.Qa5 Nc4
44.Qb4 Nb6 45.Qb1 Nc4 46.Qh7  1-0

[Event "Arctic Chess Challenge"]
[Site "Tromso NOR"]
[Date "2008.08.05"]
[Round "4"]
[White "Turner,Ma"]
[Black "Forsaa,E"]
[Result "1-0"]
[WhiteElo "2493"]
[BlackElo "2282"]

1.e4 c5 2.c3 Nf6 3.e5 Nd5 4.g3 Nc6 5.Bg2 e6 6.Nf3 d6 7.exd6 Bxd6 8.O-O O-O
9.d4 cxd4 10.Nxd4 Nxd4 11.Qxd4 Qc7 12.Nd2 Bd7 13.Ne4 Bb5 14.Re1 Be5 15.Qc5 Qd7
16.c4 Rfc8 17.Qxb5  1-0

[Event "Najdorf Memorial Open"]
[Site "Warsaw POL"]
[Date "2008.08.05"]
[Round "4"]
[White "Zaninotto,F"]
[Black "Lach,A"]
[Result "1-0"]
[WhiteElo "2184"]
[BlackElo "2035"]

1.e4 c5 2.c3 Nf6 3.e5 Nd5 4.d4 cxd4 5.Nf3 e6 6.cxd4 b6 7.Bc4 Bb7 8.O-O Qc7
9.Qe2 d6 10.Bd2 a6 11.Rc1 Qd8 12.Nc3 Nxc3 13.Rxc3 Be7 14.Bb3 O-O 15.Rac1 Ra7
16.Bf4 a5 17.a3 d5 18.Ba2 Ba6 19.Qc2 b5 20.Nd2 f5 21.exf6 Bxf6 22.Bxb8 Qxb8
23.Nf3 Qf4 24.Rc6 Re8 25.Qc5 Qb8 26.Ne5 Be7 27.Qc2 Bg5 28.Re1 Bc8 29.Rc3 Qa8
30.Bb1 g6 31.Nxg6 Rg7 32.Ne5 Bf4 33.Rc7 Bxe5 34.Rxe5 Bd7  1-0

[Event "FSIMA August"]
[Site "Budapest HUN"]
[Date "2008.08.06"]
[Round "5"]
[White "Torma,R"]
[Black "Szeberenyi,A"]
[Result "1-0"]
[WhiteElo "2347"]
[BlackElo "2318"]

1.e4 c5 2.c3 Nf6 3.e5 Nd5 4.d4 cxd4 5.Nf3 d6 6.cxd4 Nc6 7.Bc4 dxe5 8.dxe5 Nb6
9.Qxd8+ Nxd8 10.Bb5+ Bd7 11.Nc3 a6 12.Be3 Bxb5 13.Bxb6 Ne6 14.Nxb5 axb5 15.O-O-O g5
16.Kb1 Ra6 17.Be3 g4 18.Nd4 Bg7 19.f4 gxf3 20.Nxf3 f6 21.exf6 Bxf6 22.Rd5 Nc7
23.Rh5 Rc6 24.Rd1 O-O 25.Ng5 Bxg5 26.Rxg5+ Kf7 27.Rf1+ Ke8 28.Rxf8+ Kxf8
29.h4 Ne6 30.Rf5+  1-0

[Event "5th Open"]
[Site "Kalamaria GRE"]
[Date "2008.08.06"]
[Round "5"]
[White "Bojkov,D"]
[Black "Paulet,I"]
[Result "0-1"]
[WhiteElo "2498"]
[BlackElo "2275"]

1.e4 c5 2.c3 Nf6 3.e5 Nd5 4.d4 cxd4 5.Nf3 d6 6.cxd4 Nc6 7.Bc4 Nb6 8.Bb5 d5
9.Nc3 Bg4 10.h3 Bxf3 11.Qxf3 e6 12.O-O Qh4 13.Ne2 a6 14.Bxc6+ bxc6 15.Qc3 c5
16.dxc5 Na4 17.Qa5 Nxc5 18.Be3 Nd7 19.Nd4 Qd8 20.Qa4 Qb6 21.Rac1 Qb7 22.Rc3 Qb4
23.Qxa6 Rxa6 24.Rc8+ Ke7 25.Rfc1 Qxb2 26.R1c7 f6 27.Nb3 Qb1+ 28.Kh2 Qf5 29.f4 fxe5
30.Nc5 Rd6 31.Nb7 d4 32.Nxd6 Kxd6 33.Bd2 exf4 34.Rb7 Qe4 35.Rb5 e5 36.a4 Ke6
37.a5 Qd3 38.Rc6+ Kf5  0-1

[Event "Arctic Chess Challenge"]
[Site "Tromso NOR"]
[Date "2008.08.06"]
[Round "5"]
[White "Lovik,L"]
[Black "Thomassen,J"]
[Result "1-0"]
[WhiteElo "2143"]
[BlackElo "2357"]

1.e4 c5 2.c3 Nf6 3.e5 Nd5 4.d4 cxd4 5.Nf3 e6 6.cxd4 b6 7.Nc3 Nxc3 8.bxc3 Qc7
9.Bd2 Bb7 10.Bd3 d6 11.O-O Nd7 12.Bf4 Be7 13.Re1 O-O 14.Re3 g6 15.Ng5 dxe5
16.dxe5 Rfd8 17.Qg4 Nc5 18.Bc2 Rd2 19.Rh3 Bxg5 20.Bxg5 f5 21.Qh4 Rd7 22.Bf6 Rd2
23.Be7 h5 24.Qf6 Kh7 25.Qf7+ Kh6 26.Rg3  1-0

[Event "95th ch-GBR"]
[Site "Liverpool ENG"]
[Date "2008.08.07"]
[Round "10"]
[White "Cox,Tr"]
[Black "Coates,D"]
[Result "1-0"]
[WhiteElo "2144"]
[BlackElo "2037"]

1.e4 c5 2.c3 Nf6 3.e5 Nd5 4.d4 cxd4 5.Nf3 e6 6.cxd4 d6 7.Bc4 Nc6 8.O-O Be7
9.Bd2 O-O 10.Nc3 Nxc3 11.Bxc3 dxe5 12.dxe5 b6 13.Qe2 Bb7 14.Bd3 Qc7 15.Rac1 Rac8
16.b4 Qb8 17.Qe4 g6 18.Qg4 Rcd8 19.Be4 Rc8 20.h4 Ba6 21.Rfe1 Nxb4 22.h5 Rc4
23.hxg6 hxg6 24.Bxb4 Rxb4 25.Ng5 Bxg5 26.Qxg5 Qd8 27.Qh6 Qe7 28.Rc3 f5 29.Qxg6+ Qg7
30.Qxe6+ Rf7 31.Bd5 Rg4 32.Qe8+  1-0

[Event "XVII TCh-MKD"]
[Site "Struga MKD"]
[Date "2008.08.07"]
[Round "4"]
[White "Menkinoski,R"]
[Black "Nedev,T"]
[Result "0-1"]
[WhiteElo "2288"]
[BlackElo "2525"]

1.e4 c5 2.c3 Nf6 3.e5 Nd5 4.d4 cxd4 5.Nf3 e6 6.cxd4 d6 7.Bc4 Nc6 8.O-O Be7
9.Qe2 O-O 10.Nc3 Nxc3 11.bxc3 dxe5 12.dxe5 Qa5 13.Bd2 Rd8 14.Rfe1 Bd7 15.h4 Be8
16.h5 Rd7 17.h6 g6 18.Nd4 Rad8 19.Rab1 Qc7 20.Nxe6 fxe6 21.Bxe6+ Kh8 22.Bxd7 Qxd7
23.Be3 b6 24.Qc4 Qd5 25.Qxd5 Rxd5 26.Rbd1 Ra5 27.Rd2 Kg8 28.Bf4 Ra4 29.Be3 Re4
30.f4 Bc5 31.Rde2 Bxe3+ 32.Rxe3 Rxf4 33.Rf3 Rxf3 34.gxf3 Kf7 35.f4 Ke7 36.Kf2 Bf7
37.Ra1 Ke6 38.Ke3 Ne7 39.Ke4 Nf5 40.c4 Be8 41.Kd3 Kf7 42.c5 Bb5+ 43.Kc3 bxc5
44.Rb1 a6 45.a4 Bxa4 46.Rb7+ Ne7 47.Kc4 Ke6 48.Kxc5 Be8 49.Rb6+ Kf7 50.Rxa6 Nf5
51.Ra7+ Kg8 52.Ra8 Kf8 53.Ra3 Nxh6 54.Rh3 Kg7 55.Kd6 Nf5+ 56.Ke6 h5 57.Ra3 Bf7+
58.Kd7 Nd4 59.Ra6 h4 60.Rd6 Ne6 61.f5 gxf5 62.Rd1 Ng5 63.Ke7 h3 64.Rf1 Kg6
65.Kd6 Ne4+ 66.Ke7 Ng5 67.Kd6 Be6 68.Ke7 Bd5  0-1

[Event "12th HZ Open"]
[Site "Vlissingen NED"]
[Date "2008.08.07"]
[Round "7"]
[White "Straat,R"]
[Black "Kerkvliet,M"]
[Result "1-0"]
[WhiteElo "2202"]
[BlackElo "2042"]

1.e4 c5 2.c3 Nf6 3.e5 Nd5 4.d4 cxd4 5.Nf3 e6 6.cxd4 Be7 7.Bc4 Nb6 8.Bd3 O-O
9.Nc3 d6 10.O-O Nc6 11.a3 dxe5 12.dxe5 Qc7 13.Qe2 Nd7 14.Bf4 b6 15.Nb5 Qb7
16.Rac1 Nc5 17.Bb1 a5 18.Qc2 g6 19.Qc3 Bd7 20.Nd6 Bxd6 21.exd6 f6 22.Rfe1 Rae8
23.Ba2 Nd8 24.b4 axb4 25.axb4 Na6 26.Nd4 Kg7 27.Qe3 Kf7 28.Rc3 Rg8 29.Rec1 g5
30.Bg3 Nb8 31.Rc7 Qa8 32.Bc4 Kf8 33.Nb3 h5 34.Ra1 Ba4 35.Bb5 h4 36.d7 Re7
37.Bd6 Rh8 38.h3 g4 39.Bxe7+ Kxe7 40.hxg4 Rg8 41.Bxa4  1-0

[Event "12th HZ Open"]
[Site "Vlissingen NED"]
[Date "2008.08.07"]
[Round "7"]
[White "Jerez Perez,A"]
[Black "Mekhitarian,K"]
[Result "1/2-1/2"]
[WhiteElo "2410"]
[BlackElo "2504"]

1.e4 c5 2.c3 Nf6 3.e5 Nd5 4.d4 cxd4 5.Nf3 Nc6 6.Bc4 Nb6 7.Bb3 d5 8.exd6 Qxd6
9.O-O Be6 10.Bxe6 Qxe6 11.Nxd4 Nxd4 12.Qxd4 Rd8 13.Qh4 Qe2 14.Bd2 h5 15.h3 e6
16.Re1 Qc4 17.Qg3 Qd3 18.Qxd3 Rxd3 19.Be3 Nc4 20.Bxa7 Nxb2 21.a4 Kd7 22.Ra2 Nc4
23.Kf1 Rd5 24.Re4 Na5 25.Ke2 Bd6 26.Rb2 Rc8 27.c4 Nxc4 28.Rxb7+ Ke8 29.Rd4 Be5  1/2-1/2

[Event "FSIMA August"]
[Site "Budapest HUN"]
[Date "2008.08.08"]
[Round "7"]
[White "Miltner,A"]
[Black "Hujbert,F"]
[Result "1/2-1/2"]
[WhiteElo "2354"]
[BlackElo "2258"]

1.e4 c5 2.c3 Nf6 3.e5 Nd5 4.Nf3 Nc6 5.Bc4 Nb6 6.Bb3 c4 7.Bc2 d5 8.exd6 e5
9.d4 cxd3 10.Qxd3 Qxd6 11.O-O Qxd3 12.Bxd3 f6 13.b3 Bg4 14.Be4 O-O-O 15.Nbd2 Nd5
16.Bb2 Nf4 17.h3 Be6 18.b4 Nd3 19.Bc1 Nxc1 20.Raxc1 g5 21.Rfe1 h5 22.Nf1 g4
23.hxg4 hxg4 24.N3d2 Rh6 25.f3 Bd6 26.fxg4 Bc7 27.Kf2 Bxg4 28.Nc4 Be6 29.Nce3 Ne7
30.g4 Rg8 31.c4 Bxg4 32.Nxg4 Rxg4 33.Bf3 Rf4 34.Re4 Rhh4 35.Rxf4 Rxf4 36.Ng3 f5
37.Ne2 Rh4 38.a3 e4 39.Bg2 Be5 40.Rd1 Rh2 41.Kf1 Rh6 42.a4 Rd6 43.Rxd6 Bxd6
44.Nd4 Kd8 45.Bh3 f4 46.Ne6+ Ke8 47.c5 Be5 48.Ng5 e3 49.Bg2 Bc3 50.b5 Nf5
51.Ne4 Bb4 52.Nd6+ Nxd6 53.cxd6 Bxd6 54.Bxb7 Bc7 55.Ke2 Ke7 56.Kf3 Kd6 57.Ke2 Kc5
58.Kf3 Kb4 59.Be4 Kxa4 60.Bd3 Kb4 61.Be2 Kc3 62.Bf1 Kd2 63.Be2  1/2-1/2

[Event "US Open"]
[Site "Dallas USA"]
[Date "2008.08.08"]
[Round "7"]
[White "Dahl,M"]
[Black "Banawa,Jou"]
[Result "1-0"]
[WhiteElo "2054"]
[BlackElo "2338"]

1.e4 c5 2.c3 Nf6 3.e5 Nd5 4.d4 cxd4 5.Nf3 Nc6 6.cxd4 d6 7.Bc4 Nb6 8.Bb3 d5
9.Nh4 e6 10.g3 Be7 11.Qg4 g6 12.Ng2 f6 13.Bh6 fxe5 14.Bg7 Rg8 15.Bxe5 Nxe5
16.dxe5 Qc7 17.O-O Qxe5 18.Nc3 Bd7 19.Rac1 Rf8 20.Rfe1 Qf6 21.Qe2 Kf7 22.a4 a5
23.Ne3 Bd6 24.Ng4 Qd8 25.Qd2 h5 26.Ne5+ Bxe5 27.Rxe5 Rc8 28.Rce1 Nc4 29.Bxc4 Rxc4
30.Rxd5 exd5 31.Qxd5+ Be6 32.Qxe6+  1-0

[Event "Open"]
[Site "Stare Mesto CZE"]
[Date "2008.08.08"]
[Round "1"]
[White "Naplava,Pe"]
[Black "Beil,M"]
[Result "0-1"]
[WhiteElo "1808"]
[BlackElo "2208"]

1.e4 c5 2.c3 Nf6 3.e5 Nd5 4.d4 cxd4 5.Nf3 Nc6 6.cxd4 d6 7.Bc4 Nb6 8.Bb3 d5
9.O-O Bg4 10.h3 Bxf3 11.gxf3 e6 12.Nc3 Qh4 13.Kg2 Qxd4 14.Qxd4 Nxd4 15.Be3 Nc6
16.Nb5 Kd7 17.Rac1 Nc8 18.Rfd1 N8e7 19.f4 Nf5 20.Ba4 a6 21.Nd4 Nxd4 22.Bxd4 b5
23.Bb3 Be7 24.Bc5 Bxc5 25.Rxc5 Ne7 26.a4 Rhc8 27.Rdc1 Rxc5 28.Rxc5 Rc8 29.Rxc8 Nxc8
30.axb5 axb5 31.Bc2 g6 32.Kf3 Kc6 33.Ke3 Kc5 34.Kd3 Kb4 35.f5 gxf5 36.Bd1 Ne7
37.f4 Ng6 38.Ke3 Kc4 39.Be2+ Kb3 40.Bxb5 Kxb2 41.Be8 Kc3  0-1

[Event "Acropolis Open"]
[Site "Athens GRE"]
[Date "2008.08.09"]
[Round "1"]
[White "Galopoulos,P"]
[Black "Zawadzka,J"]
[Result "0-1"]
[WhiteElo "2003"]
[BlackElo "2389"]

1.e4 c5 2.c3 Nf6 3.e5 Nd5 4.d4 cxd4 5.Nf3 Nc6 6.cxd4 e6 7.Nc3 d6 8.Qb3 Nxc3
9.bxc3 dxe5 10.dxe5 Qa5 11.Bb5 Bd7 12.O-O Be7 13.Re1 O-O 14.Bg5 Bxg5 15.Nxg5 a6
16.Rad1 Rfd8 17.Bd3 h6 18.Nf3 b5 19.Be4 Rac8 20.Rd6 Nb8 21.Qb4 Qxa2 22.Rd2 Qc4
23.Qe7 Re8 24.Qh4 Bc6 25.Rd4 Qxc3 26.Bxc6 Nxc6 27.Rg4 Nxe5 28.Rxg7+ Kxg7  0-1

[Event "US Open"]
[Site "Dallas USA"]
[Date "2008.08.10"]
[Round "9"]
[White "Dahl,M"]
[Black "Aigner,M USA"]
[Result "0-1"]
[WhiteElo "2054"]
[BlackElo "2234"]

1.e4 c5 2.c3 Nf6 3.e5 Nd5 4.d4 cxd4 5.Nf3 Nc6 6.cxd4 d6 7.Bc4 Nb6 8.Bb3 dxe5
9.d5 Na5 10.Nc3 Nxb3 11.Qxb3 e6 12.Nxe5 Bd6 13.Qb5+ Kf8 14.Nf3 Nxd5 15.Nxd5 exd5
16.O-O Bg4 17.Nd4 Qd7 18.Qb3 Re8 19.Be3 Bb8 20.f3 Be6 21.Rac1 h5 22.Nxe6+ fxe6
23.Qa3+ Kf7 24.Bxa7 Qd6 25.Bxb8 Qxa3 26.bxa3 Rxb8 27.Rc7+ Kf6 28.Rb1 b5 29.Rc5 Rhc8
30.Rxc8 Rxc8 31.Rxb5 Rc1+ 32.Kf2 Rc2+ 33.Kg3 Rxa2 34.Ra5 d4 35.Ra7 e5 36.Ra6+ Kf5
37.h4 g5 38.hxg5 Kxg5 39.Ra8 h4+ 40.Kh3 Kf4 41.Rf8+ Kg5 42.Re8 Kf5 43.Ra8 d3
44.a4 Kf4 45.Rf8+ Ke3 46.Re8 d2 47.Rxe5+ Kd4 48.Re8 Ra3 49.Rd8+ Ke3 50.Re8+ Kf2
51.Rd8 Ke2 52.Rxd2+ Kxd2 53.Kxh4 Rxa4+ 54.g4 Ke3 55.Kh5 Kf4  0-1

[Event "Open"]
[Site "Ptuj SLO"]
[Date "2008.08.10"]
[Round "2"]
[White "Cojhter,K"]
[Black "Podkriznik,G"]
[Result "0-1"]
[WhiteElo "2095"]
[BlackElo "2370"]

1.e4 c5 2.c3 Nf6 3.e5 Nd5 4.d4 cxd4 5.Nf3 e6 6.cxd4 b6 7.Nc3 Nxc3 8.bxc3 Qc7
9.Bd2 Bb7 10.Bd3 d6 11.O-O Nd7 12.Re1 dxe5 13.Nxe5 Nxe5 14.Rxe5 Bd6 15.Bb5+ Bc6
16.Qf3 Rc8 17.Bxc6+ Qxc6 18.d5 Qb7 19.Rg5 f6 20.Rh5 e5 21.Qd3 g6 22.Rh4 O-O
23.Rg4 f5 24.Rh4 e4 25.Qh3 Rf7 26.c4 Rxc4 27.g4 Qxd5 28.Bc3 f4 29.Rh6 Qg5
30.Bb2 f3 31.Rd1 e3 32.Rxd6 Rxg4+  0-1

[Event "XVII TCh-MKD"]
[Site "Struga MKD"]
[Date "2008.08.10"]
[Round "7"]
[White "Jazadzievski,M"]
[Black "Kacakovski,D"]
[Result "1/2-1/2"]
[WhiteElo "2246"]
[BlackElo "2227"]

1.e4 c5 2.c3 Nf6 3.e5 Nd5 4.d4 cxd4 5.Nf3 d6 6.cxd4 Nc6 7.Nc3 e6 8.Bd3 dxe5
9.dxe5 Ndb4 10.Be4 Qxd1+ 11.Nxd1 Nd5 12.O-O Bc5 13.Ne3 Nxe3 14.Bxe3 Bxe3
15.fxe3 Bd7 16.Rad1 Ke7 17.Rd6 Rac8 18.Rfd1 Rc7 19.a3 a5 20.Kf2 h6 21.h4 a4
22.Kg3 Na5 23.R1d4 Nb3 24.Rd1 Nc5 25.Kf4 f6 26.h5 Be8 27.exf6+ gxf6 28.Bg6 e5+
29.Kg4 Rg8 30.Nh4 Ne4 31.Nf5+ Kf8 32.Rd8 Nf2+ 33.Kf3 Rxg6 34.hxg6 Nxd1 35.g7+ Rxg7
36.Nxg7 Kxg7 37.Rxe8 Nxb2 38.Re7+ Kg6 39.Rxb7 Nc4 40.Ke2 f5 41.Kd3 Nxa3 42.Rb4 Kg5
43.Kc3 f4 44.exf4+ exf4 45.Kb2 Kg4 46.Kxa3 Kg3 47.Rb2 h5 48.Kxa4 h4 49.Kb3 f3
50.gxf3 Kxf3 51.Kc3 h3 52.Kd3 Kg3 53.Ke3 h2  1/2-1/2

[Event "Acropolis Open"]
[Site "Athens GRE"]
[Date "2008.08.11"]
[Round "3"]
[White "Burtasova,A"]
[Black "Mastrovasilis,D"]
[Result "1/2-1/2"]
[WhiteElo "2329"]
[BlackElo "2563"]

1.e4 c5 2.c3 Nf6 3.e5 Nd5 4.Bc4 e6 5.d4 Nb6 6.Bd3 cxd4 7.cxd4 d6 8.Nf3 dxe5
9.dxe5 Na6 10.O-O Nc5 11.Bb5+ Bd7 12.Nc3 Be7 13.Be3 O-O 14.Bxd7 Qxd7 15.Qxd7 Ncxd7
16.Rfd1 Rfd8 17.Rac1 Nc4 18.Nb5 Nxe3 19.fxe3 a6 20.Nd6 Nxe5 21.Nxb7 Rxd1+
22.Rxd1 Nxf3+ 23.gxf3 Rc8 24.Rd2 f5 25.b3 Rc3 26.Kf2 Kf7 27.Ke2 Bb4 28.Rd4 a5
29.Rc4 g5 30.Rxc3 Bxc3 31.Kd3 Be5 32.Nxa5 Bxh2 33.Nc6 h5 34.a4 h4 35.a5 h3
36.Ke2 Bg1 37.Kf1 Bxe3 38.a6 Kf6 39.a7 Bxa7 40.Nxa7 Ke5 41.Nc6+ Kf4 42.Kf2 g4
43.fxg4 fxg4 44.b4 g3+ 45.Kg1 e5 46.b5 g2 47.Kf2 e4 48.Nd4 e3+ 49.Kg1 Ke4
50.Nc2 Kf3 51.Nxe3 Kxe3 52.b6 Kf3 53.b7 h2+ 54.Kxh2 Kf2 55.b8=Q g1=Q+ 56.Kh3 Qg2+
57.Kh4 Qe4+ 58.Kg5  1/2-1/2

[Event "Alan Benson IM"]
[Site "San Francisco USA"]
[Date "2008.08.11"]
[Round "1"]
[White "De Guzman,R"]
[Black "Young,G"]
[Result "1-0"]
[WhiteElo "2389"]
[BlackElo "2233"]

1.e4 c5 2.c3 Nf6 3.e5 Nd5 4.d4 cxd4 5.Nf3 Nc6 6.Bc4 Nb6 7.Bb3 d5 8.exd6 Qxd6
9.O-O Be6 10.Na3 dxc3 11.Qe2 Bxb3 12.axb3 e6 13.Nb5 Qb8 14.g3 Nd5 15.bxc3 Qc8
16.c4 Nc7 17.Bf4 Nxb5 18.cxb5 Nb4 19.Rfd1 Bc5 20.Rac1 b6 21.Ng5 h6 22.Ne4 O-O
23.Bxh6 gxh6 24.Qg4+ Kh8 25.Qf4 Kg7 26.Nf6 Nd5 27.Nxd5 exd5 28.b4 Bxf2+ 29.Kxf2 Qe6
30.Rc6 Qh3 31.Kg1 Rae8 32.Qf6+ Kh7 33.Qf3 Kg8 34.Rf1 Re4 35.Rg6+ Kh7 36.Qf6 fxg6
37.Qxf8 g5 38.Rf7+ Kg6 39.Rg7+ Kh5 40.Qf3+ Qg4 41.Qf7+  1-0